<?xml version="1.0" encoding="UTF-8"?>
<record
    xmlns:xsi="http://www.w3.org/2001/XMLSchema-instance"
    xsi:schemaLocation="http://www.loc.gov/MARC21/slim http://www.loc.gov/standards/marcxml/schema/MARC21slim.xsd"
    xmlns="http://www.loc.gov/MARC21/slim">

  <leader>01879nam2a22002651  4500</leader>
  <controlfield tag="001">RU\NLR\INFOCOMM4\1000433435</controlfield>
  <controlfield tag="005">20250617054956.0</controlfield>
  <datafield tag="035" ind1=" " ind2=" ">
    <subfield code="a">(NLR Aleph) 002499889</subfield>
  </datafield>
  <datafield tag="090" ind1=" " ind2=" ">
    <subfield code="a">2583423</subfield>
    <subfield code="c">2583423</subfield>
  </datafield>
  <datafield tag="100" ind1=" " ind2=" ">
    <subfield code="a">20040109d1926    |||y0rusy50      ca</subfield>
  </datafield>
  <datafield tag="101" ind1="0" ind2=" ">
    <subfield code="a">rus</subfield>
  </datafield>
  <datafield tag="102" ind1=" " ind2=" ">
    <subfield code="a">RU</subfield>
  </datafield>
  <datafield tag="105" ind1=" " ind2=" ">
    <subfield code="a">y   |||||||||</subfield>
  </datafield>
  <datafield tag="200" ind1="1" ind2=" ">
    <subfield code="a">&#x412;&#x43D;&#x443;&#x442;&#x440;&#x438;-&#x440;&#x43E;&#x434;&#x43E;&#x432;&#x44B;&#x435; &#x43E;&#x442;&#x43D;&#x43E;&#x448;&#x435;&#x43D;&#x438;&#x44F; &#x443; &#x441;&#x435;&#x432;&#x435;&#x440;&#x43D;&#x44B;&#x445; &#x431;&#x443;&#x440;&#x44F;&#x442;</subfield>
    <subfield code="f">&#x411;.&#x418;. &#x41F;&#x435;&#x442;&#x440;&#x438;</subfield>
  </datafield>
  <datafield tag="210" ind1=" " ind2=" ">
    <subfield code="d">1926</subfield>
    <subfield code="a">&#x411;. &#x43C;.</subfield>
  </datafield>
  <datafield tag="423" ind1=" " ind2="0">
    <subfield code="1">2001#$a&#x41E;&#x442;&#x447;&#x435;&#x442; &#x43E; &#x434;&#x435;&#x44F;&#x442;&#x435;&#x43B;&#x44C;&#x43D;&#x43E;&#x441;&#x442;&#x438; &#x411;&#x438;&#x43E;&#x43B;&#x43E;&#x433;&#x43E;-&#x433;&#x435;&#x43E;&#x433;&#x440;&#x430;&#x444;&#x438;&#x447;&#x435;&#x441;&#x43A;&#x43E;&#x433;&#x43E; &#x43D;&#x430;&#x443;&#x447;&#x43D;&#x43E;-&#x438;&#x441;&#x441;&#x43B;&#x435;&#x434;&#x43E;&#x432;&#x430;&#x442;&#x435;&#x43B;&#x44C;&#x441;&#x43A;&#x43E;&#x433;&#x43E; &#x438;&#x43D;&#x441;&#x442;&#x438;&#x442;&#x443;&#x442;&#x430; &#x43F;&#x440;&#x438; &#x413;&#x43E;&#x441;&#x443;&#x434;&#x430;&#x440;&#x441;&#x442;&#x432;&#x435;&#x43D;&#x43D;&#x43E;&#x43C; &#x418;&#x440;&#x43A;&#x443;&#x442;&#x441;&#x43A;&#x43E;&#x43C; &#x443;&#x43D;&#x438;&#x432;&#x435;&#x440;&#x441;&#x438;&#x442;&#x435;&#x442;&#x435; &#x437;&#x430; 1924-25&#x433;.</subfield>
    <subfield code="1">210##$d1926</subfield>
    <subfield code="t">&#x41E;&#x442;&#x447;&#x435;&#x442; &#x43E; &#x434;&#x435;&#x44F;&#x442;&#x435;&#x43B;&#x44C;&#x43D;&#x43E;&#x441;&#x442;&#x438; &#x411;&#x438;&#x43E;&#x43B;&#x43E;&#x433;&#x43E;-&#x433;&#x435;&#x43E;&#x433;&#x440;&#x430;&#x444;&#x438;&#x447;&#x435;&#x441;&#x43A;&#x43E;&#x433;&#x43E; &#x43D;&#x430;&#x443;&#x447;&#x43D;&#x43E;-&#x438;&#x441;&#x441;&#x43B;&#x435;&#x434;&#x43E;&#x432;&#x430;&#x442;&#x435;&#x43B;&#x44C;&#x441;&#x43A;&#x43E;&#x433;&#x43E; &#x438;&#x43D;&#x441;&#x442;&#x438;&#x442;&#x443;&#x442;&#x430; &#x43F;&#x440;&#x438; &#x413;&#x43E;&#x441;&#x443;&#x434;&#x430;&#x440;&#x441;&#x442;&#x432;&#x435;&#x43D;&#x43D;&#x43E;&#x43C; &#x418;&#x440;&#x43A;&#x443;&#x442;&#x441;&#x43A;&#x43E;&#x43C; &#x443;&#x43D;&#x438;&#x432;&#x435;&#x440;&#x441;&#x438;&#x442;&#x435;&#x442;&#x435; &#x437;&#x430; 1924-25&#x433;.</subfield>
  </datafield>
  <datafield tag="461" ind1=" " ind2="0">
    <subfield code="1">001RU\NLR\INFOCOMM4\1000433428</subfield>
    <subfield code="1">2001#$a&#x418;&#x437;&#x432;&#x435;&#x441;&#x442;&#x438;&#x44F; &#x411;&#x438;&#x43E;&#x43B;&#x43E;&#x433;&#x43E;-&#x433;&#x435;&#x43E;&#x433;&#x440;&#x430;&#x444;&#x438;&#x447;&#x435;&#x441;&#x43A;&#x43E;&#x433;&#x43E; &#x43D;&#x430;&#x443;&#x447;&#x43D;&#x43E;-&#x438;&#x441;&#x441;&#x43B;&#x435;&#x434;&#x43E;&#x432;&#x430;&#x442;&#x435;&#x43B;&#x44C;&#x441;&#x43A;&#x43E;&#x433;&#x43E; &#x438;&#x43D;&#x441;&#x442;&#x438;&#x442;&#x443;&#x442;&#x430; &#x43F;&#x440;&#x438; &#x413;&#x43E;&#x441;&#x443;&#x434;&#x430;&#x440;&#x441;&#x442;&#x432;&#x435;&#x43D;&#x43D;&#x43E;&#x43C; &#x418;&#x440;&#x43A;&#x443;&#x442;&#x441;&#x43A;&#x43E;&#x43C; &#x443;&#x43D;&#x438;&#x432;&#x435;&#x440;&#x441;&#x438;&#x442;&#x435;&#x442;&#x435;$v&#x422;.2, &#x412;&#x44B;&#x43F;.3</subfield>
    <subfield code="9">2583362</subfield>
    <subfield code="a">&#x411;&#x438;&#x43E;&#x43B;&#x43E;&#x433;&#x43E;-&#x433;&#x435;&#x43E;&#x433;&#x440;&#x430;&#x444;&#x438;&#x447;&#x435;&#x441;&#x43A;&#x438;&#x439; &#x43D;&#x430;&#x443;&#x447;&#x43D;&#x43E;-&#x438;&#x441;&#x441;&#x43B;&#x435;&#x434;&#x43E;&#x432;&#x430;&#x442;&#x435;&#x43B;&#x44C;&#x441;&#x43A;&#x438;&#x439; &#x438;&#x43D;&#x441;&#x442;&#x438;&#x442;&#x443;&#x442; (&#x418;&#x440;&#x43A;&#x443;&#x442;&#x441;&#x43A;)</subfield>
    <subfield code="c">&#x418;&#x440;&#x43A;&#x443;&#x442;&#x441;&#x43A;</subfield>
    <subfield code="d">1924-1971</subfield>
    <subfield code="t">&#x418;&#x437;&#x432;&#x435;&#x441;&#x442;&#x438;&#x44F; &#x411;&#x438;&#x43E;&#x43B;&#x43E;&#x433;&#x43E;-&#x433;&#x435;&#x43E;&#x433;&#x440;&#x430;&#x444;&#x438;&#x447;&#x435;&#x441;&#x43A;&#x43E;&#x433;&#x43E; &#x43D;&#x430;&#x443;&#x447;&#x43D;&#x43E;-&#x438;&#x441;&#x441;&#x43B;&#x435;&#x434;&#x43E;&#x432;&#x430;&#x442;&#x435;&#x43B;&#x44C;&#x441;&#x43A;&#x43E;&#x433;&#x43E; &#x438;&#x43D;&#x441;&#x442;&#x438;&#x442;&#x443;&#x442;&#x430; &#x43F;&#x440;&#x438; &#x413;&#x43E;&#x441;&#x443;&#x434;&#x430;&#x440;&#x441;&#x442;&#x432;&#x435;&#x43D;&#x43D;&#x43E;&#x43C; &#x418;&#x440;&#x43A;&#x443;&#x442;&#x441;&#x43A;&#x43E;&#x43C; &#x443;&#x43D;&#x438;&#x432;&#x435;&#x440;&#x441;&#x438;&#x442;&#x435;&#x442;&#x435;</subfield>
    <subfield code="v">&#x422;.2, &#x412;&#x44B;&#x43F;.3</subfield>
  </datafield>
  <datafield tag="700" ind1=" " ind2="1">
    <subfield code="a">&#x41F;&#x435;&#x442;&#x440;&#x438;</subfield>
    <subfield code="b">&#x411;.&#x418;.</subfield>
    <subfield code="4">070</subfield>
  </datafield>
  <datafield tag="801" ind1=" " ind2="1">
    <subfield code="a">RU</subfield>
    <subfield code="b">InfoComm</subfield>
    <subfield code="c">20040109</subfield>
  </datafield>
  <datafield tag="801" ind1=" " ind2="0">
    <subfield code="a">RU</subfield>
    <subfield code="b">NLR</subfield>
    <subfield code="g">PSBO</subfield>
  </datafield>
  <datafield tag="852" ind1=" " ind2=" ">
    <subfield code="a">NLR</subfield>
    <subfield code="j">&#x41F;19/13</subfield>
  </datafield>
  <datafield tag="942" ind1=" " ind2=" ">
    <subfield code="c">ISSUE</subfield>
  </datafield>
  <datafield tag="980" ind1=" " ind2=" ">
    <subfield code="a">NB</subfield>
  </datafield>
  <datafield tag="980" ind1=" " ind2=" ">
    <subfield code="a">RUSPER</subfield>
  </datafield>
</record>
